000 004920000a22001810004500
003 MACL
005 20160225113348.0
008 160225b xxu||||| |||| 00| 0 eng d
040 _aMACL
_cMACL
041 _aHindi
082 _a790
100 _aगुलजार
_920199
245 _aमीरा
260 _bराधाकृष्‍ण प्रकाशन
_c1979
_aनई दिल्‍ली
350 _a30
650 _aPerforming Arts
_940239
942 _cHIN
_k790
_2ddc
999 _c27179
_d27179